Шифртелеграмма временного поверенного в делах СССР в Италии Л. Б. Гельфанда в НКИД СССР об экономических трудностях в Германии и...

RUSMARC
00003899cbm0a2200265#x 450
0014a3a1041-a088-4703-9a20-3765c338ba83
00520200416113624.0
100##$a20200403j19390728k###0rusy50 ca
1010#$arus
102##$aIT
1220#$ad19390728##
2001#$aШифртелеграмма временного поверенного в делах СССР в Италии Л. Б. Гельфанда в НКИД СССР об экономических трудностях в Германии и прекращении антикоммунистической пропаганды в немецких СМИ и кинофильмах по распоряжению германских властей
$j28 июля 1939 г.
251##$cДокумент
300##$aЗаверенная копия
461#0$12001
$aФ. 3
$1251
$cФонд
$1852
$j3
462#0$12001
$aОп. 64
$1251
$cОпись
$1852
$j64
462#0$12001
$aД. 678
$vЛ. 58-59
$1251
$cДело
$1852
$j678
605##$aВторая мировая война в архивных документах (Комплекс оцифрованных архивных документов, кино- и фотоматериалов)
$lколлекция
$2prlib_sh
$3LIBNET\UAF\0000088514
617##$2prlib_sh
$aСССР
$f1939
617##$2prlib_sh
$aГермания
$f1939
801#0$aRU
$bПБ им. Б.Н. Ельцина
$c20200403
801#1$aRU
$bПБ им. Б.Н. Ельцина
$c20200403
$2rusmarc
801#2$aRU
$bПБ им. Б.Н. Ельцина
$c20200416
$2rusmarc
850##$aАрхив Президента Российской Федерации
852##$aАП РФ
$jЛ. 58-59
035##$aLIBNET\0001068250
937##$d144050800
$hАрхив Президента Российской Федерации
8564#$uhttp://readingroom.main.prlib.ru/item.aspx?id_node=n144050800&mode=full
Формат отображения